000 00687cab a2200289 4500
001 ABS50436
008 090401t1994 xxu||||| |||| 00| 0 eng d
035 _a(Sirsi) u75718
041 _aeng
245 _aFocus `94: Surrey
260 _c1994
350 _a0
490 _aEstates Gazette
_v(9414) 9 April 1994, 69-117(23)
650 _aA24
650 _aCROYDON
650 _aGUILDFORD
650 _aKINGSTON UPON THAMES
650 _aM3 CORRIDOR
650 _aREDHILL
650 _aREIGATE
650 _aSURREY
650 _aSUTTON
650 _aWOKING
690 _aPROPERTY-COMMERCIAL PROPERTY-COMMERCIAL PROPERTY MARKET
942 _n0
948 _c04/03/1997
999 _c47625
_d47625